000 00563nam a2200241Ia 4500
999 _c3511
_d3511
003 OSt
005 20200529144812.0
008 191128s9999 xx 000 0 und d
020 _a9786124363206
040 _aCO-JMCR
_cCO-JMCR
041 _aspa
082 _aC /
_bRAPr
245 0 _aRapunzel /
260 _a[Bogotá]
260 _bMundo editorial ;
260 _c1990
300 _a9 páginas :
300 _b ilustraciones a color ;
300 _c 29 cm
490 0 _aMi cuento favorito N° 2
650 _acuentos
_94860
942 _2ddc
_cBK